000 00558nam a2200193 i 4500
001 77432
003 ES-MaACL
005 20250803084239.0
007 t|
008 041008s1972 sp ||||1| spa d
100 1 _aGutiérrez Solana, José,
_d1886-1945
_961225
245 1 3 _aLa España negra /
_cJosé Gutiérrez Solana.
250 _a[1ª ed.].
260 _aBarcelona :
_bBarral,
_c1972.
300 _a197 p. :
_bil. ;
_c19 cm.
651 4 _aEspaña-
_xDescripción.
_98184
852 _aES-MaACL
_jC-53230
_bR.84336
999 _c77432
_d77432